Normal view
MARC view
- O'Dwyer, Sir Michael
Entry Personal Name
001 - CONTROL NUMBER
- control field: 50358
003 - CONTROL NUMBER IDENTIFIER
- control field: NUST
005 - DATE AND TIME OF LATEST TRANSACTION
- control field: 20210314134613.0
008 - FIXED-LENGTH DATA ELEMENTS
- fixed length control field: 210314|| aca||aabn | a|a d
040 ## - CATALOGING SOURCE
- Original cataloging agency: NUST
- Transcribing agency: NUST
100 ## - HEADING--PERSONAL NAME
- Personal name: O'Dwyer, Sir Michael
670 ## - SOURCE DATA FOUND
- Source citation: Work cat.: (NUST): O'Dwyer, Sir Michael, India as I Knew it 1885-1925., 1925
